000 00695nam a2200217 a 4500
001 13635
003 BD-JhCC
005 20240312115738.0
008 240312b 2016b |||| ||a| 001 0 b d
035 _a(BD-JhCC)13635
040 _aBD-JhCC
_dBD-JhCC
041 _aeng
082 _a891.4435
_bBAN 2016
100 _aবন্দোপাধ্যায়, মানিক
245 _aআজ কাল পরশুর গল্প /
_b মানিক বন্দোপাধ্যায়
260 _aঢাকা:
_bসুচয়নী পাবলিশার্স;
_c2016.
300 _a160 p. :
_c22 cm.
650 _aBengali Short Stories
942 _2ddc
_cBK
999 _c13635
_d13635